Online
Catalog

Ecología, medio ambiente y desarrollo : (Record no. 22530)

MARC details
000 -CABECERA
campo de control de longitud fija 01161nam a2200277 a 4500
001 - NÚMERO DE CONTROL
campo de control 000023033
005 - FECHA Y HORA DE LA ÚLTIMA TRANSACCIÓN
campo de control 20200930021938.0
008 - DATOS DE LONGITUD FIJA--INFORMACIÓN GENERAL
campo de control de longitud fija 101124s1994 mx r 000 | spa d
020 ## - NÚMERO INTERNACIONAL ESTÁNDAR DEL LIBRO
Número Internacional Estándar del Libro 9686599622
040 ## - FUENTE DE LA CATALOGACIÓN
Centro catalogador/agencia de origen DO-SdBNP
Lengua de catalogación spa
Centro/agencia transcriptor BNPHU
082 ## - NÚMERO DE LA CLASIFICACIÓN DECIMAL DEWEY
Número de clasificación 338.9
Número de documento/Ítem P187e
049 ## - FONDOS LOCALES (OCLC)
Fondos de biblioteca BNGR
100 1# - ENTRADA PRINCIPAL--NOMBRE DE PERSONA
Nombre de persona Panayotou, Theodore
9 (RLIN) 47389
245 10 - MENCIÓN DE TÍTULO
Título Ecología, medio ambiente y desarrollo :
Resto del título debate crecimiento versus conservación /
Mención de responsabilidad, etc. Theodore Panayotou; cuidado de edición por María Elsa López Paniagua; prólogo de Oscar Arias; traducción de Angel Carlos González Ruiz.
260 ## - PUBLICACIÓN, DISTRIBUCIÓN, ETC.
Lugar de publicación, distribución, etc. México D. F. :
Nombre del editor, distribuidor, etc. Gernika,
Fecha de publicación, distribución, etc. 1994.
300 ## - DESCRIPCIÓN FÍSICA
Extensión 217 p. ;
Dimensiones 22 cm.
490 1# - MENCIÓN DE SERIE
Mención de serie Ecología
534 ## - NOTA SOBRE LA VERSIÓN ORIGINAL
Encabezamiento principal del original Título original :
Mención de título del original Green markets- the economics of sustainable development
650 #4 - PUNTO DE ACCESO ADICIONAL DE MATERIA--TÉRMINO DE MATERIA
Término de materia o nombre geográfico como elemento de entrada Política ambiental
Subdivisión general Aspectos económicos
9 (RLIN) 47390
650 #4 - PUNTO DE ACCESO ADICIONAL DE MATERIA--TÉRMINO DE MATERIA
Subdivisión general Aspectos económicos
Término de materia o nombre geográfico como elemento de entrada Medio ambiente
9 (RLIN) 47391
700 1# - PUNTO DE ACCESO ADICIONAL--NOMBRE DE PERSONA
Nombre de persona López Paniagua, María Elsa
Término indicativo de función/relación ed.
9 (RLIN) 44716
700 1# - PUNTO DE ACCESO ADICIONAL--NOMBRE DE PERSONA
Nombre de persona Arias, Oscar
Término indicativo de función/relación pról
9 (RLIN) 45812
700 1# - PUNTO DE ACCESO ADICIONAL--NOMBRE DE PERSONA
Nombre de persona González Ruiz, Angel Carlos
Término indicativo de función/relación tr.
9 (RLIN) 8969
730 0# - PUNTO DE ACCESO ADICIONAL--TÍTULO UNIFORME
Título uniforme Green markets-the economics of sustainable development
Lenguaje de la obra español
9 (RLIN) 47392
830 #0 - PUNTO DE ACCESO ADICIONAL DE SERIE-TÍTULO UNIFORME
Título uniforme Ecología
9 (RLIN) 47393
Holdings
Estado de retiro Estado de pérdida Restricciones de uso No para préstamo Código de colección Localización permanente Ubicación/localización actual Ubicación en estantería Fecha de adquisición Número de inventario Total de préstamos Signatura topográfica completa Código de barras Fecha visto por última vez Precio válido a partir de Tipo de ítem Koha
      Excluido de préstamo Monografías: Libros y Folletos General General En catalogación 24.11.2010 LF1   338.9 P187e 23033-10 25.06.2020 25.06.2020 No se presta

Powered by Koha